| 000 | 00820nam a2200277Ia 4500 | ||
|---|---|---|---|
| 001 | 43245 | ||
| 005 | 20240114003539.0 | ||
| 007 | ta | ||
| 008 | 080828s1996 g b000 u 903 u | ||
| 040 | _aCotton College Assam | ||
| 041 | _a903 | ||
| 082 |
_a330 _bRe 246 Ce |
||
| 110 |
_aReserve Bank Of India . _c( India ) |
||
| 245 | 0 |
_aCentenary Commemorative Volume / _cReserve Bank Of India. _hTextual Documents |
|
| 250 | _aist ed / | ||
| 260 |
_aIndia : _bReserve Bank Of India , _c1996. |
||
| 300 |
_a171pg ; _c24cm. |
||
| 500 | _aC D Desh mukh Memorial Lecture series | ||
| 653 | _aEconomics-Centenary Commemorative -R B I | ||
| 653 | _aReport-Centenary Commemorative -RBI | ||
| 653 | _aRef. Se-Report | ||
| 942 |
_2ddc _cBK |
||
| 999 |
_c43211 _d43211 |
||